000 01216aab a2200229 i 4500
001 768714001
003 CO-MdFUSB
005 20240802112844.0
008 240802t1994 -us||||| |||| 00| 0 eng d
040 _bspa
_cCO-MdFUSB
041 _aeng
100 1 _aForman, Charles W.
_eautor
245 1 4 _aThe study of pacific island christianity :
_bachievements, resources, needs
_c/ Charles W. Forman
520 _aLas islas del Pacífico fueron el centro de atención de los estudios misioneros durante gran parte de este siglo. Muchas misiones en la región del Pacífico ganaron una atención significativa durante el siglo XIX, debido a las extensas conversiones y contribuciones de misioneros como John Williams y G. Paton y James. Chalmers. En el siglo XX, cuando la mayoría de la gente era nominalmente cristiana, había menos preocupación por el heroísmo y menos interés en la zona.
546 _aTexto en inglés.
650 0 _aMisiones
_9154
650 0 _aEvangelización
_9362
650 0 _aConversión
_9950
773 0 _tInternational Bulletin
_049483
_960991
_gVolumen 18, (número 3, 1999), páginas: 103 - 112
_qpágina: 103
942 _cANA
945 _aCatherine Arias Álvarez - Practicante SENA
999 _c57465
_d57465